| 000 | 00707cab a2200193 4500 | ||
|---|---|---|---|
| 001 | WB2630-30 | ||
| 008 | 090401t1990 xxu||||| |||| 00| 0 eng d | ||
| 035 | _a(Sirsi) u29181 | ||
| 041 | _aeng | ||
| 245 | _aPlanning permission | ||
| 260 | _c1990 | ||
| 350 | _a0 | ||
| 490 |
_aDoE News Release _vno 445 25 July 1990, 3 pages |
||
| 520 | _aAfter consultation the Planning Minister has announced that local authorities may continue to deem themselves planning permission but proposals must be advertised, considered in public and reported to the SoS if they conflict with the development plan . | ||
| 650 | _aDEEMED CONSENT | ||
| 690 | _aPLANNING LAW AND PRACTICE | ||
| 942 | _n0 | ||
| 948 | _c04/03/1997 | ||
| 999 |
_c19645 _d19645 |
||